Sports Quiz

Random Sports or WWE Quiz

WWE Hulk Hogan's PPV/SNME Opponents (1990-1993) Quiz Stats

 Plays Quiz not verified by Sporcle

Also try: NFL Jumble
Challenge
Share
Tweet
Embed
Score 0/138 Timer 20:00
1 Play Today
Events Hulk Hogan's PPV/SNME Opponents % Correct
Royal Rumble 1990: The Royal Rumble Match (Other Participants In The Royal Rumble Match)Randy Savage
95.4%
The Main Event 3: WWE Championship MatchRandy Savage
95.4%
Royal Rumble 1991: The Royal Rumble Match (Other Participants In The Royal Rumble Match)Randy Savage
95.4%
Royal Rumble 1992: 30 Man Royal Rumble Match For The Vacant WWE Championship (Other Participants In The Royal Rumble Match)Randy Savage
95.4%
Royal Rumble 1990: The Royal Rumble Match (Other Participants In The Royal Rumble Match)The Ultimate Warrior
93.9%
Wrestlemania 6: WWE Championship And WWE Intercontinental Championship MatchThe Ultimate Warrior
93.9%
Royal Rumble 1992: 30 Man Royal Rumble Match For The Vacant WWE Championship (Winner)Ric Flair
93.1%
Saturday Night's Main Event 30: Tag Team MatchRic Flair
93.1%
Survivor Series 1990: Ultimate Match Of SurvivialTed DiBiase
89.5%
Royal Rumble 1990: The Royal Rumble Match (Other Participants In The Royal Rumble Match)Ted DiBiase
89.3%
Royal Rumble 1991: The Royal Rumble Match (Other Participants In The Royal Rumble Match)The Undertaker
89.3%
Survivor Series 1991: WWE Championship MatchThe Undertaker
89.3%
This Tuesday In Texas: WWE Championship MatchThe Undertaker
89.3%
Royal Rumble 1992: 30 Man Royal Rumble Match For The Vacant WWE Championship (Other Participants In The Royal Rumble Match)Ted DiBiase
89.3%
Royal Rumble 1992: 30 Man Royal Rumble Match For The Vacant WWE Championship (Other Participants In The Royal Rumble Match)The Undertaker
89.3%
Saturday Night's Main Event 30: Tag Team MatchThe Undertaker
89.3%
Wrestlemania 9: WWE Tag Team Championship MatchTed DiBiase
89.3%
Royal Rumble 1990: The Royal Rumble Match (Other Participants In The Royal Rumble Match)Bret Hart
88.5%
Royal Rumble 1991: The Royal Rumble Match (Other Participants In The Royal Rumble Match)Bret Hart
88.5%
Royal Rumble 1990: The Royal Rumble Match (Last Eliminating)Mr. Perfect
86.3%
Royal Rumble 1990: The Royal Rumble Match (Other Participants In The Royal Rumble Match)Earthquake
86.3%
Saturday Night's Main Event 25: Tag Team MatchMr. Perfect
86.3%
Saturday Night's Main Event 26: Singles MatchMr. Perfect
86.3%
Summerslam 1990: Singles MatchEarthquake
86.3%
Survivor Series 1990: 4-on-4 Survivor Series Elimination MatchEarthquake
86.3%
Royal Rumble 1991: The Royal Rumble Match (Last Eliminating)Earthquake
86.3%
Royal Rumble 1991: The Royal Rumble Match (Other Participants In The Royal Rumble Match)Mr. Perfect
86.3%
The Main Event 5: Tag Team MatchEarthquake
86.3%
Saturday Night's Main Event 29: Battle Royal (Winner)Mr. Perfect
86.3%
Saturday Night's Main Event 29: Battle Royal (Other Participants In The Battle Royal)Earthquake
86.3%
Wrestlemania 7: WWE Championship MatchSgt. Slaughter
85.5%
Summerslam 1991: 2-on-3 Handicap MatchSgt. Slaughter
85.5%
Royal Rumble 1992: 30 Man Royal Rumble Match For The Vacant WWE Championship (Other Participants In The Royal Rumble Match)Sgt. Slaughter
85.5%
Royal Rumble 1990: The Royal Rumble Match (Other Participants In The Royal Rumble Match)Jake Roberts
84.7%
Royal Rumble 1990: The Royal Rumble Match (Other Participants In The Royal Rumble Match)Smash
84.7%
Royal Rumble 1991: The Royal Rumble Match (Other Participants In The Royal Rumble Match)Jake Roberts
84.7%
Royal Rumble 1991: The Royal Rumble Match (Other Participants In The Royal Rumble Match)Smash
84.7%
Saturday Night's Main Event 29: Battle Royal (Other Participants In The Battle Royal)Jake Roberts
84.7%
Royal Rumble 1992: 30 Man Royal Rumble Match For The Vacant WWE Championship (Other Participants In The Royal Rumble Match)Jake Roberts
84.7%
Wrestlemania 9: WWE Championship MatchYokozuna
84.7%
King Of The Ring 1993: WWE Championship MatchYokozuna
84.7%
Royal Rumble 1990: The Royal Rumble Match (Other Participants In The Royal Rumble Match)Ax
84%
Royal Rumble 1990: The Royal Rumble Match (Other Participants In The Royal Rumble Match)Haku
84%
Survivor Series 1990: 4-on-4 Survivor Series Elimination MatchHaku
84%
Royal Rumble 1991: The Royal Rumble Match (Other Participants In The Royal Rumble Match)Haku
84%
Saturday Night's Main Event 29: Battle Royal (Other Participants In The Battle Royal)Haku
84%
Events Hulk Hogan's PPV/SNME Opponents % Correct
Royal Rumble 1992: 30 Man Royal Rumble Match For The Vacant WWE Championship (Other Participants In The Royal Rumble Match)Haku
84%
Royal Rumble 1990: The Royal Rumble Match (Other Participants In The Royal Rumble Match)The Warlord
83.2%
Royal Rumble 1990: The Royal Rumble Match (Other Participants In The Royal Rumble Match)Rick Martel
83.2%
Royal Rumble 1990: The Royal Rumble Match (Other Participants In The Royal Rumble Match)Shawn Michaels
83.2%
Royal Rumble 1990: The Royal Rumble Match (Other Participants In The Royal Rumble Match)Rick Rude
83.2%
Survivor Series 1990: Ultimate Match Of SurvivalRick Martel
83.2%
Survivor Series 1990: Ultimate Match Of SurvivalThe Warlord
83.2%
Royal Rumble 1991: The Royal Rumble Match (Other Participants In The Royal Rumble Match)Rick Martel
83.2%
Royal Rumble 1991: The Royal Rumble Match (Other Participants In The Royal Rumble Match)The Warlord
83.2%
Saturday Night's Main Event 29: Battle Royal (Other Participants In The Battle Royal)Shawn Michaels
83.2%
Saturday Night's Main Event 29: Battle Royal (Other Participants In The Battle Royal)The Warlord
83.2%
Royal Rumble 1992: 30 Man Royal Rumble Match For The Vacant WWE Championship (Other Participants In The Royal Rumble Match)Shawn Michaels
83.2%
Royal Rumble 1992: 30 Man Royal Rumble Match For The Vacant WWE Championship (Other Participants In The Royal Rumble Match)Rick Martel
83.2%
Royal Rumble 1992: 30 Man Royal Rumble Match For The Vacant WWE Championship (Other Participants In The Royal Rumble Match)The Warlord
83.2%
Royal Rumble 1990: The Royal Rumble Match (Other Participants In The Royal Rumble Match)Tito Santana
82.4%
Royal Rumble 1991: The Royal Rumble Match (Other Participants In The Royal Rumble Match)Tito Santana
82.4%
Royal Rumble 1992: 30 Man Royal Rumble Match For The Vacant WWE Championship (Other Participants In The Royal Rumble Match)El Matador
82.4%
Royal Rumble 1990: The Royal Rumble Match (Other Participants In The Royal Rumble Match)The Barbarian
81.7%
Survivor Series 1990: 4-on-4 Survivor Series Elimination MatchThe Barbarian
81.7%
Saturday Night's Main Event 29: Battle Royal (Other Participants In The Battle Royal)The Barbarian
81.7%
Royal Rumble 1992: 30 Man Royal Rumble Match For The Vacant WWE Championship (Other Participants In The Royal Rumble Match)The Barbarian
81.7%
Royal Rumble 1992: 30 Man Royal Rumble Match For The Vacant WWE Championship (Other Participants In The Royal Rumble Match)Irwin R. Schyster
81.7%
Wrestlemania 9: WWE Tag Team Championship MatchIrwin R. Schyster
81.7%
Royal Rumble 1990: The Royal Rumble Match (Other Participants In The Royal Rumble Match)Roddy Piper
80.2%
Royal Rumble 1990: The Royal Rumble Match (Other Participants In The Royal Rumble Match)Jim Neidhart
80.2%
Royal Rumble 1990: The Royal Rumble Match (Other Participants In The Royal Rumble Match)Hercules
80.2%
Survivor Series 1990: Ultimate Match Of SurvivalHercules
80.2%
Royal Rumble 1991: The Royal Rumble Match (Other Participants In The Royal Rumble Match)Hercules
80.2%
Royal Rumble 1991: The Royal Rumble Match (Other Participants In The Royal Rumble Match)Crush
80.2%
Royal Rumble 1991: The Royal Rumble Match (Other Participants In The Royal Rumble Match)Jim Neidhart
80.2%
Saturday Night's Main Event 29: Battle Royal (Other Participants In The Battle Royal)Hercules
80.2%
Royal Rumble 1992: 30 Man Royal Rumble Match For The Vacant WWE Championship (Other Participants In The Royal Rumble Match)Hercules
80.2%
Royal Rumble 1992: 30 Man Royal Rumble Match For The Vacant WWE Championship (Other Participants In The Royal Rumble Match)Roddy Piper
80.2%
Royal Rumble 1992: 30 Man Royal Rumble Match For The Vacant WWE Championship (Other Participants In The Royal Rumble Match)Sid Justice
80.2%
Wrestlemania 8: Singles MatchSid Justice
80.2%
Royal Rumble 1991: The Royal Rumble Match (Other Participants In The Royal Rumble Match)The British Bulldog
79.4%
Saturday Night's Main Event 29: Battle Royal (Other Participants In The Battle Royal)The British Bulldog
79.4%
Royal Rumble 1992: 30 Man Royal Rumble Match For The Vacant WWE Championship (Other Participants In The Royal Rumble Match)The British Bulldog
79.4%
Royal Rumble 1990: The Royal Rumble Match (Other Participants In The Royal Rumble Match)Marty Jannetty
78.6%
Royal Rumble 1990: The Royal Rumble Match (Other Participants In The Royal Rumble Match)Andre The Giant
78.6%
Saturday Night's Main Event 29: Battle Royal (Other Participants In The Battle Royal)Marty Jannetty
78.6%
Summerslam 1991: 2-on-3 Handicap MatchCol. Mustafa
77.9%
Royal Rumble 1992: 30 Man Royal Rumble Match For The Vacant WWE Championship (Other Participants In The Royal Rumble Match)Col. Mustafa
77.9%
Royal Rumble 1990: The Royal Rumble Match (Other Participants In The Royal Rumble Match)The Honky Tonk Man
77.1%
Saturday Night's Main Event 28: Tag Team MatchThe Honky Tonk Man
77.1%
Royal Rumble 1991: The Royal Rumble Match (Other Participants In The Royal Rumble Match)Animal
77.1%
Events Hulk Hogan's PPV/SNME Opponents % Correct
Saturday Night's Main Event 29: Battle Royal (Other Participants In The Battle Royal)The Big Boss Man
77.1%
Royal Rumble 1992: 30 Man Royal Rumble Match For The Vacant WWE Championship (Other Participants In The Royal Rumble Match)The Big Boss Man
77.1%
Royal Rumble 1991: The Royal Rumble Match (Other Participants In The Royal Rumble Match)Hawk
76.3%
Saturday Night's Main Event 28: Tag Team MatchGreg Valentine
75.6%
Royal Rumble 1991: The Royal Rumble Match (Other Participants In The Royal Rumble Match)Greg Valentine
75.6%
Saturday Night's Main Event 29: Battle Royal (Other Participants In The Battle Royal)Greg Valentine
75.6%
Summerslam 1991: 2-on-3 Handicap MatchGeneral Adnan
75.6%
Royal Rumble 1992: 30 Man Royal Rumble Match For The Vacant WWE Championship (Other Participants In The Royal Rumble Match)Greg Valentine
75.6%
Royal Rumble 1990: The Royal Rumble Match (Other Participants In The Royal Rumble Match)KoKo B. Ware
74.8%
Royal Rumble 1990: The Royal Rumble Match (Other Participants In The Royal Rumble Match)Dino Bravo
74.8%
Survivor Series 1990: 4-on-4 Survivor Series Elimination MatchDino Bravo
74.8%
Royal Rumble 1991: The Royal Rumble Match (Other Participants In The Royal Rumble Match)Dino Bravo
74.8%
Royal Rumble 1991: The Royal Rumble Match (Other Participants In The Royal Rumble Match)Jim Duggan
74.8%
The Main Event 5: Tag Team MatchDino Bravo
74.8%
Saturday Night's Main Event 29: Battle Royal (Other Participants In The Battle Royal)Jim Duggan
74.8%
Royal Rumble 1992: 30 Man Royal Rumble Match For The Vacant WWE Championship (Other Participants In The Royal Rumble Match)Jim Duggan
74.8%
Royal Rumble 1990: The Royal Rumble Match (Other Participants In The Royal Rumble Match)Dusty Rhodes
74%
Survivor Series 1990: Ultimate Match Of SurvivalPaul Roma
74%
Royal Rumble 1991: The Royal Rumble Match (Other Participants In The Royal Rumble Match)Paul Roma
74%
Royal Rumble 1991: The Royal Rumble Match (Other Participants In The Royal Rumble Match)Bushwhacker Butch
74%
Saturday Night's Main Event 29: Battle Royal (Other Participants In The Battle Royal)Paul Roma
74%
Royal Rumble 1991: The Royal Rumble Match (Other Participants In The Royal Rumble Match)Bushwhacker Luke
73.3%
Royal Rumble 1991: The Royal Rumble Match (Other Participants In The Royal Rumble Match)Brian Knobbs
72.5%
Royal Rumble 1992: 30 Man Royal Rumble Match For The Vacant WWE Championship (Other Participants In The Royal Rumble Match)Jerry Sags
71.8%
Royal Rumble 1990: The Royal Rumble Match (Other Participants In The Royal Rumble Match)Akeem
70.2%
Royal Rumble 1992: 30 Man Royal Rumble Match For The Vacant WWE Championship (Other Participants In The Royal Rumble Match)Nikolai Volkoff
70.2%
Royal Rumble 1990: The Royal Rumble Match (Other Participants In The Royal Rumble Match)Jimmy Snuka
69.5%
Royal Rumble 1991: The Royal Rumble Match (Other Participants In The Royal Rumble Match)Jimmy Snuka
69.5%
Saturday Night's Main Event 29: Battle Royal (Other Participants In The Battle Royal)Jimmy Snuka
69.5%
Royal Rumble 1992: 30 Man Royal Rumble Match For The Vacant WWE Championship (Other Participants In The Royal Rumble Match)Jimmy Snuka
69.5%
Royal Rumble 1991: The Royal Rumble Match (Other Participants In The Royal Rumble Match)The Texas Tornado
68.7%
Saturday Night's Main Event 29: Battle Royal (Other Participants In The Battle Royal)The Texas Tornado
68.7%
Royal Rumble 1992: 30 Man Royal Rumble Match For The Vacant WWE Championship (Other Participants In The Royal Rumble Match)The Texas Tornado
68.7%
Royal Rumble 1991: The Royal Rumble Match (Other Participants In The Royal Rumble Match)Tugboat
67.9%
Saturday Night's Main Event 29: Battle Royal (Other Participants In The Battle Royal)Tugboat
67.9%
Royal Rumble 1992: 30 Man Royal Rumble Match For The Vacant WWE Championship (Other Participants In The Royal Rumble Match)Virgil
66.4%
Royal Rumble 1990: The Royal Rumble Match (Other Participants In The Royal Rumble Match)Bad News Brown
65.6%
Saturday Night's Main Event 25: Tag Team MatchThe Genius
64.9%
Royal Rumble 1992: 30 Man Royal Rumble Match For The Vacant WWE Championship (Other Participants In The Royal Rumble Match)Skinner
63.4%
Royal Rumble 1990: The Royal Rumble Match (Other Participants In The Royal Rumble Match)The Red Rooster
58.8%
Royal Rumble 1992: 30 Man Royal Rumble Match For The Vacant WWE Championship (Other Participants In The Royal Rumble Match)The Berzerker
58%
Royal Rumble 1992: 30 Man Royal Rumble Match For The Vacant WWE Championship (Other Participants In The Royal Rumble Match)Repo Man
57.3%
Royal Rumble 1991: The Royal Rumble Match (Other Participants In The Royal Rumble Match)Shane Douglas
55.7%
Saturday Night's Main Event 29: Battle Royal (Other Participants In The Battle Royal)Tanaka
54.2%
Royal Rumble 1991: The Royal Rumble Match (Other Participants In The Royal Rumble Match)Saba Simba
52.7%
Saturday Night's Main Event 29: Battle Royal (Other Participants In The Battle Royal)Kato
50.4%

You're not logged in!

Compare scores with friends on all Sporcle quizzes.
OR
Log In

You Might Also Like...

Show Comments

Extras

Top Quizzes Today


Score Distribution

Your Account Isn't Verified!

In order to create a playlist on Sporcle, you need to verify the email address you used during registration. Go to your Sporcle Settings to finish the process.

Report this User

Report this user for behavior that violates our Community Guidelines.

Details: